banner-ar

تشرشل / (Record no. 47601)

MARC details
000 -الفاتح
حقل البيانات ثابتة الطول 00327nam a2200133Ia 4500
008 - عناصر البيانات ثابتة الطول - معلومات عامة
حقل البيانات ثابتة الطول 140319s9999 xx 000 0 ara d
040 ## - مصدر الفهرسة
وكالة الفهرسة الأصلية GCL /
وكالة النسخ GCL
082 04 - رقم تصنيف ديوى العشرى
رقم التصنيف 942.08
رقم المادة م ت
100 1# - المدخل الرئيسى - إسم شخصى
الإسم الشخصى محمد صبيح
245 10 - بيان العنوان
العنوان تشرشل /
بيان المسئوليه,etc محمد صبيح
300 ## - الوصف المادى
التعداد 173 ص
490 ## - بيان السلسلة
عنوان السلسلة كتاب الشهر
رقم المجلد/ التعيين التسلسلي 0
Holdings
حالة التراجع حالة الفقد حالة تلف ليس للاعارة المكان المؤقت الموقع الحالى تاريخ الاكتساب اجمالي اﻻعارات رقم الطلب الباركود تاريخ اخر مشاهدة تاريخ تفعيل السعر نوع وعاء كوها
        مكتبة القاهرة الكبرى مكتبة القاهرة الكبرى 03/26/2014   942.08\م ت 114870 03/26/2014 03/26/2014 كتاب

Powered By

EGPV